<?xml version="1.0" encoding="UTF-8"?><?xml-stylesheet type="text/xsl" href="static/style.xsl"?><OAI-PMH xmlns="http://www.openarchives.org/OAI/2.0/" xmlns:xsi="http://www.w3.org/2001/XMLSchema-instance" xsi:schemaLocation="http://www.openarchives.org/OAI/2.0/ http://www.openarchives.org/OAI/2.0/OAI-PMH.xsd"><responseDate>2026-04-28T22:57:09Z</responseDate><request verb="GetRecord" identifier="oai:repisalud.isciii.es:20.500.12105/18774" metadataPrefix="marc">https://repisalud.isciii.es/rest/oai/request</request><GetRecord><record><header><identifier>oai:repisalud.isciii.es:20.500.12105/18774</identifier><datestamp>2024-09-21T17:47:27Z</datestamp><setSpec>com_20.500.12105_15322</setSpec><setSpec>com_20.500.12105_2051</setSpec><setSpec>col_20.500.12105_16938</setSpec><setSpec>col_20.500.12105_16927</setSpec><setSpec>col_20.500.12105_16963</setSpec></header><metadata><record xmlns="http://www.loc.gov/MARC21/slim" xmlns:dcterms="http://purl.org/dc/terms/" xmlns:doc="http://www.lyncode.com/xoai" xmlns:xsi="http://www.w3.org/2001/XMLSchema-instance" xsi:schemaLocation="http://www.loc.gov/MARC21/slim http://www.loc.gov/standards/marcxml/schema/MARC21slim.xsd">
   <leader>00925njm 22002777a 4500</leader>
   <datafield ind2=" " ind1=" " tag="042">
      <subfield code="a">dc</subfield>
   </datafield>
   <datafield ind2=" " ind1=" " tag="720">
      <subfield code="a">Cuadros, Esmeralda Núñez</subfield>
      <subfield code="e">author</subfield>
   </datafield>
   <datafield ind2=" " ind1=" " tag="720">
      <subfield code="a">Calzada-Hernández, Joan</subfield>
      <subfield code="e">author</subfield>
   </datafield>
   <datafield ind2=" " ind1=" " tag="720">
      <subfield code="a">Clemente, Daniel</subfield>
      <subfield code="e">author</subfield>
   </datafield>
   <datafield ind2=" " ind1=" " tag="720">
      <subfield code="a">Martín, Sara Guillén</subfield>
      <subfield code="e">author</subfield>
   </datafield>
   <datafield ind2=" " ind1=" " tag="720">
      <subfield code="a">Silveira, Laura Fernández</subfield>
      <subfield code="e">author</subfield>
   </datafield>
   <datafield ind2=" " ind1=" " tag="720">
      <subfield code="a">Lirola-Cruz, María José</subfield>
      <subfield code="e">author</subfield>
   </datafield>
   <datafield ind2=" " ind1=" " tag="720">
      <subfield code="a">Tagarro, Alfredo</subfield>
      <subfield code="e">author</subfield>
   </datafield>
   <datafield ind2=" " ind1=" " tag="720">
      <subfield code="a">Lovillo, Marisol Camacho</subfield>
      <subfield code="e">author</subfield>
   </datafield>
   <datafield ind2=" " ind1=" " tag="720">
      <subfield code="a">Rueda, Rosa María Alcobendas</subfield>
      <subfield code="e">author</subfield>
   </datafield>
   <datafield ind2=" " ind1=" " tag="720">
      <subfield code="a">López, Agustín López</subfield>
      <subfield code="e">author</subfield>
   </datafield>
   <datafield ind2=" " ind1=" " tag="720">
      <subfield code="a">Aritziturri, Miren Satrustegi</subfield>
      <subfield code="e">author</subfield>
   </datafield>
   <datafield ind2=" " ind1=" " tag="720">
      <subfield code="a">Calvo, Cristina</subfield>
      <subfield code="e">author</subfield>
   </datafield>
   <datafield ind2=" " ind1=" " tag="260">
      <subfield code="c">2022-03-08</subfield>
   </datafield>
   <datafield ind2=" " ind1=" " tag="520">
      <subfield code="a">This study provides practical recommendations on infection screening in pediatric patients with immune-mediated rheumatic diseases and immunosuppressive therapies. For this reason, a qualitative approach was applied. A narrative literature review was performed via Medline. Primary searches were conducted using Mesh and free texts to identify articles that analyzed data on infections and vaccinations in pediatric patients with immune-mediated rheumatic diseases and immunosuppressive therapies. The results were presented and discussed in a nominal group meeting, comprising a committee of 12 pediatric rheumatologists from the infections prevention and treatment working group of the Spanish Society of Pediatric Rheumatology. Several recommendations were generated. A consensus procedure was implemented via a Delphi process that was extended to members of the Spanish Society of Pediatric Rheumatology and Vaccine Advisory Committee of the Spanish Association of Pediatrics. Participants to the process produced a score ranging from 0 = totally disagree to 10 = totally agree. Agreement was considered if at least 70% of participants voted ≥ 7. The literature review included more than 400 articles. Overall, 63 recommendations were generated (21 on infection screening) voted by 59 pediatric rheumatologists and other pediatric specialists, all of them achieving the pre-established agreement level. The recommendations on screening cover all the procedures (serology, assessment of risk factors, and other clinical activities) connected with the screening for infections including tuberculosis; hepatitis A, B, and C viruses; measles; mumps; rubella; diphtheria; and other infections. Conclusion: Screening for infections is an essential part of risk management in pediatric patients with immune-mediated rheumatic diseases and immunosuppressive therapies. What is Known: • Infectious diseases and related complications are a major cause of morbidity and mortality in patients with immune-mediated rheumatic diseases. • At present, practical information on infectious prophylaxis in children with rheumatic diseases is limited, and often extrapolated from children with cancer. What is New: • In the absence of evidence, a literature review and a Delphi survey were conducted to establish a series of expert recommendations that would be useful in clinical practice, providing a practical and simple day-to-day approach to be used by pediatric rheumatologists.</subfield>
   </datafield>
   <datafield ind1="8" ind2=" " tag="024">
      <subfield code="a">http://hdl.handle.net/10668/20141</subfield>
   </datafield>
   <datafield ind1="8" ind2=" " tag="024">
      <subfield code="a">http://hdl.handle.net/20.500.12105/18774</subfield>
   </datafield>
   <datafield ind1="8" ind2=" " tag="024">
      <subfield code="a">35258699</subfield>
   </datafield>
   <datafield ind1="8" ind2=" " tag="024">
      <subfield code="a">10.1007/s00431-022-04418-7</subfield>
   </datafield>
   <datafield ind1="8" ind2=" " tag="024">
      <subfield code="a">1432-1076</subfield>
   </datafield>
   <datafield ind1="8" ind2=" " tag="024">
      <subfield code="a">European journal of pediatrics</subfield>
   </datafield>
   <datafield tag="653" ind2=" " ind1=" ">
      <subfield code="a">Consensus</subfield>
   </datafield>
   <datafield tag="653" ind2=" " ind1=" ">
      <subfield code="a">Immune-mediated rheumatic diseases</subfield>
   </datafield>
   <datafield tag="653" ind2=" " ind1=" ">
      <subfield code="a">Infections</subfield>
   </datafield>
   <datafield tag="653" ind2=" " ind1=" ">
      <subfield code="a">Prophylaxis</subfield>
   </datafield>
   <datafield tag="653" ind2=" " ind1=" ">
      <subfield code="a">Screening</subfield>
   </datafield>
   <datafield tag="653" ind2=" " ind1=" ">
      <subfield code="a">Vaccination</subfield>
   </datafield>
   <datafield ind2="0" ind1="0" tag="245">
      <subfield code="a">Position statement of the Spanish Society of Pediatric Rheumatology on infection screening, prophylaxis, and vaccination of pediatric patients with rheumatic diseases and immunosuppressive therapies: Part 1 (screening).</subfield>
   </datafield>
</record></metadata></record></GetRecord></OAI-PMH>